[Event "7th Francophone-ch 2019"]
[Site "Paris"]
[Date "2019.08.07"]
[Round "4.5"]
[White "Eugene, Floryan"]
[Black "Bianchi, Guillaume"]
[Result "1-0"]
[WhiteElo "2300"]
[BlackElo "2101"]
[Annotator "NA"]
[PlyCount "79"]
[EventDate "2019.08.04"]
[EventType "swiss"]
[EventCountry "FRA"]
[SourceTitle "playchess.com"]
[Source "ChessBase"]
[SourceQuality "1"]
[TimeControl "40/5400+30:1800+30"]

1. e4 {[%emt 0:10:08]} e6 {[%emt 0:00:00]} 2. d4 {[%emt 0:02:16]} d5 {[%emt 0:00:05]} 3. e5 {[%emt 0:05:54]} c5 {[%emt 0:00:13]} 4. c3 {[%emt 0:00:04]} Nc6 {[%emt 0:00:10]} 5. Nf3 {[%emt 0:00:07]} Bd7 {[%emt 0:00:27]} 6. Bd3 {[%emt 0:02:11]} cxd4 {[%emt 0:01:28]} 7. cxd4 {[%emt 0:00:11]} Qb6 {[%emt 0:00:18]} 8. O-O {[%emt 0:00:10]} Nxd4 {[%emt 0:01:49]} 9. Nbd2 {[%emt 0:00:22]} Nc6 {[%emt 0:01:39]} 10. Nb3 {[%emt 0:02:22]} Qc7 {[%emt 0:11:28]} 11. Be3 {[%emt 0:08:22]} Nge7 {[%emt 0:05:28]} 12. Rc1 {[%emt 0:01:21]} Ng6 {[%emt 0:02:14]} 13. Nc5 {[%emt 0:00:40]} Be7 {[%emt 0:13:10]} 14. b4 {[%emt 0:01:11]} a6 {[%emt 0:08:12]} 15. a4 {[%emt 0:02:18]} Qb8 {[%emt 0:02:55]} 16. b5 axb5 {[%emt 0:00:30]} 17. Bxb5 Bxc5 {[%emt 0:00:30]} 18. Bxc5 f6 {[%emt 0:00:30]} 19. exf6 gxf6 {[%emt 0:00:30]} 20. Re1 Kf7 {[%emt 0:00:30]} 21. Nd4 Qd8 {[%emt 0:00:30]} 22. Rb1 Re8 {[%emt 0:00:30]} 23. Qh5 Kg7 {[%emt 0:00:30]} 24. Bxc6 bxc6 {[%emt 0:00:30]} 25. Rb7 Rb8 {[%emt 0:00:30]} 26. Nxc6 Rxb7 {[%emt 0:00:30]} 27. Nxd8 Rxd8 {[%emt 0:00:30]} 28. a5 Rb5 {[%emt 0:00:30]} 29. Be3 e5 {[%emt 0:00:30]} 30. Qh6+ Kg8 {[%emt 0:00:30]} 31. Bb6 Rc8 {[%emt 0:00:30]} 32. h4 Rc6 {[%emt 0:00:30]} 33. h5 Nf4 {[%emt 0:00:30]} 34. Bd8 Ne6 {[%emt 0:00:30]} 35. Bxf6 e4 {[%emt 0:00:30]} 36. Re3 Kf7 {[%emt 0:00:30]} 37. Rg3 Rxa5 {[%emt 0:00:30]} 38. Be5 Nf8 {[%emt 0:00:30]} 39. Qf4+ Ke8 {[%emt 0:00:30]} 40. Rg8 1-0

[Event "7th Francophone-ch 2019"]
[Site "Paris"]
[Date "2019.08.07"]
[Round "4.6"]
[White "Dornbusch, Tatiana"]
[Black "Philippe, Guillaume"]
[Result "0-1"]
[WhiteElo "2284"]
[BlackElo "2344"]
[Annotator "NA"]
[PlyCount "66"]
[EventDate "2019.08.04"]
[EventType "swiss"]
[EventCountry "FRA"]
[SourceTitle "playchess.com"]
[Source "ChessBase"]
[SourceQuality "1"]
[TimeControl "40/5400+30:1800+30"]

1. d4 {[%emt 0:00:00]} Nf6 {[%emt 0:10:23]} 2. Nf3 {[%emt 0:00:25]} e6 {[%emt 0:00:15]} 3. c4 {[%emt 0:00:17]} b6 {[%emt 0:00:08]} 4. g3 {[%emt 0:00:23]} Ba6 {[%emt 0:00:21]} 5. Nbd2 {[%emt 0:03:33]} Bb7 {[%emt 0:06:02]} 6. Bg2 {[%emt 0:00:19]} Be7 {[%emt 0:01:23]} 7. Qc2 {[%emt 0:07:09]} d5 {[%emt 0:01:30]} 8. O-O {[%emt 0:03:49]} O-O {[%emt 0:00:31]} 9. Ne5 {[%emt 0:13:20]} c5 {[%emt 0:04:00]} 10. dxc5 {[%emt 0:08:15]} bxc5 {[%emt 0:00:09]} 11. Nb3 {[%emt 0:00:30]} Qc7 {[%emt 0:12:27]} 12. Bf4 {[%emt 0:07:21]} g5 {[%emt 0:14:37]} 13. Ng6 {[%emt 0:08:14]} gxf4 {[%emt 0:00:24]} 14. Nxf8 {[%emt 0:00:09]} Bxf8 {[%emt 0:00:48]} 15. cxd5 {[%emt 0:05:02]} Bxd5 {[%emt 0:04:01]} 16. Bxd5 {[%emt 0:01:30]} Nxd5 {[%emt 0:00:22]} 17. Rac1 {[%emt 0:02:01]} Nd7 {[%emt 0:01:39]} 18. Qe4 {[%emt 0:01:27]} Rb8 {[%emt 0:01:55]} 19. Kh1 {[%emt 0:03:20]} Rb4 {[%emt 0:07:38]} 20. Qg2 {[%emt 0:04:23]} fxg3 {[%emt 0:08:22]} 21. e4 {[%emt 0:11:02]} N5f6 {[%emt 0:00:41]} 22. Rc3 {[%emt 0:08:05]} Nxe4 {[%emt 0:04:19]} 23. Re3 {[%emt 0:00:28]} f5 {[%emt 0:01:39]} 24. a3 {[%emt 0:05:28]} Rb8 {[%emt 0:03:14]} 25. fxg3 {[%emt 0:00:04]} Bh6 {[%emt 0:02:06]} 26. Rxe4 {[%emt 0:01:59]} fxe4 {[%emt 0:00:16]} 27. Qh3 {[%emt 0:00:13]} Rf8 {[%emt 0:04:04]} 28. Qxe6+ {[%emt 0:01:07]} Kh8 {[%emt 0:00:13]} 29. Rxf8+ {[%emt 0:01:48]} Bxf8 {[%emt 0:00:09]} 30. Qxe4 {[%emt 0:00:03]} Qe5 {[%emt 0:01:39]} 31. Qxe5+ {[%emt 0:01:52]} Nxe5 {[%emt 0:00:05]} 32. Nd2 {[%emt 0:00:18]} Bh6 {[%emt 0:03:52]} 33. Ne4 {[%emt 0:00:04]} c4 {[%emt 0:01:33]} 0-1

[Event "7th Francophone-ch 2019"]
[Site "Paris"]
[Date "2019.08.07"]
[Round "4.7"]
[White "Huynh, Laurent"]
[Black "David, Alberto"]
[Result "0-1"]
[WhiteElo "2111"]
[BlackElo "2553"]
[Annotator "ChessBase"]
[PlyCount "66"]
[EventDate "2019.08.04"]
[EventType "swiss"]
[EventCountry "FRA"]
[SourceTitle "playchess.com"]
[Source "ChessBase"]
[SourceQuality "1"]
[TimeControl "40/5400+30:1800+30"]

1. e4 {[%emt 0:00:00]} c6 {[%emt 0:01:08]} 2. d4 {[%emt 0:00:09]} g6 {[%emt 0:00:20]} 3. Nf3 {[%emt 0:01:38]} Bg7 {[%emt 0:00:21]} 4. Bd3 {[%emt 0:00:55]} d6 {[%emt 0:00:38]} 5. a4 {[%emt 0:01:05]} Nf6 {[%emt 0:04:20]} 6. O-O {[%emt 0:01:35]} O-O {[%emt 0:00:06]} 7. Re1 {[%emt 0:00:45]} c5 {[%emt 0:11:58]} 8. c3 {[%emt 0:08:36]} cxd4 {[%emt 0:06:27]} 9. cxd4 {[%emt 0:07:05]} Nc6 {[%emt 0:00:06]} 10. d5 {[%emt 0:03:33]} Nb4 {[%emt 0:01:00]} 11. Nc3 {[%emt 0:00:54]} Bg4 {[%emt 0:01:23]} 12. Be2 {[%emt 0:02:27]} Nd7 {[%emt 0:01:40]} 13. Be3 {[%emt 0:02:44]} a5 {[%emt 0:03:59]} 14. Nd4 {[%emt 0:17:26]} Bxe2 {[%emt 0:00:31]} 15. Qxe2 {[%emt 0:00:12]} Rc8 {[%emt 0:00:56]} 16. Rad1 {[%emt 0:02:07]} Qc7 {[%emt 0:06:44]} 17. Ncb5 {[%emt 0:19:52]} Qc4 {[%emt 0:13:13]} 18. Qxc4 {[%emt 0:12:53]} Rxc4 {[%emt 0:00:05]} 19. Rc1 {[%emt 0:00:05]} Rxc1 {[%emt 0:04:06]} 20. Rxc1 {[%emt 0:00:10]} Nc5 {[%emt 0:00:04]} 21. b3 {[%emt 0:00:27]} Nxe4 {[%emt 0:05:40]} 22. Nc7 {[%emt 0:00:48]} Rc8 {[%emt 0:03:06]} 23. Ndb5 {[%emt 0:04:15]} Nc3 {[%emt 0:01:40]} 24. Rxc3 {[%emt 0:00:38]} Bxc3 {[%emt 0:00:06]} 25. Bb6 {[%emt 0:00:08]} Na6 {[%emt 0:01:59]} 26. Nxc3 {[%emt 0:01:42]} Nxc7 {[%emt 0:00:08]} 27. Kf1 {[%emt 0:00:14]} Na6 {[%emt 0:00:20]} 28. Nb5 {[%emt 0:01:02]} Rc1+ {[%emt 0:00:46]} 29. Ke2 {[%emt 0:00:07]} Nc5 {[%emt 0:00:09]} 30. Bxa5 {[%emt 0:00:39]} Nxb3 {[%emt 0:00:06]} 31. Bd8 {[%emt 0:00:05]} Kf8 {[%emt 0:00:24]} 32. Bb6 {[%emt 0:02:23]} Rc4 {[%emt 0:01:03]} 33. a5 {[%emt 0:02:10]} Nxa5 {[%emt 0:00:22]} 0-1

[Event "7th Francophone-ch 2019"]
[Site "Paris"]
[Date "2019.08.07"]
[Round "4.8"]
[White "Mastrovasilis, Dimitrios"]
[Black "Amdouni, Zoubaier"]
[Result "1/2-1/2"]
[WhiteElo "2589"]
[BlackElo "2248"]
[Annotator "ChessBase"]
[PlyCount "97"]
[EventDate "2019.08.04"]
[EventType "swiss"]
[EventCountry "FRA"]
[SourceTitle "playchess.com"]
[Source "ChessBase"]
[SourceQuality "1"]
[TimeControl "40/5400+30:1800+30"]

1. e4 {[%emt 0:02:11]} c5 {[%emt 0:00:00]} 2. Nf3 {[%emt 0:00:23]} Nc6 {[%emt 0:00:07]} 3. Bb5 {[%emt 0:00:25]} e6 {[%emt 0:00:04]} 4. O-O {[%emt 0:00:27]} Nge7 {[%emt 0:00:07]} 5. d4 {[%emt 0:00:21]} cxd4 {[%emt 0:00:16]} 6. Nxd4 {[%emt 0:00:17]} Qb6 {[%emt 0:03:44]} 7. Nxc6 {[%emt 0:00:15]} Qxb5 {[%emt 0:06:28]} 8. Nd4 {[%emt 0:00:38]} Qe5 {[%emt 0:00:20]} 9. f4 {[%emt 0:00:25]} Qa5 {[%emt 0:08:12]} 10. Be3 {[%emt 0:05:20]} d5 {[%emt 0:07:21]} 11. e5 {[%emt 0:24:33]} Bd7 {[%emt 0:05:01]} 12. Nd2 {[%emt 0:01:44]} Rc8 {[%emt 0:00:40]} 13. Kh1 {[%emt 0:05:35]} g6 {[%emt 0:08:12]} 14. Rf3 {[%emt 0:03:53]} Bg7 {[%emt 0:04:28]} 15. Bf2 {[%emt 0:05:56]} O-O {[%emt 0:09:31]} 16. N2b3 {[%emt 0:04:42]} Qc7 {[%emt 0:03:33]} 17. Bh4 {[%emt 0:00:37]} f6 {[%emt 0:10:41]} 18. exf6 {[%emt 0:03:23]} Bxf6 {[%emt 0:00:12]} 19. Bxf6 {[%emt 0:03:55]} Rxf6 {[%emt 0:03:04]} 20. Qd2 {[%emt 0:00:15]} Rcf8 {[%emt 0:01:11]} 21. Raf1 {[%emt 0:05:56]} Nc8 {[%emt 0:11:38]} 22. Nc1 {[%emt 0:06:44]} Nd6 {[%emt 0:00:29]} 23. Nd3 {[%emt 0:01:33]} Ne4 {[%emt 0:01:23]} 24. Qe3 {[%emt 0:01:05]} R6f7 {[%emt 0:11:57]} 25. Ne5 {[%emt 0:04:20]} Rg7 {[%emt 0:00:08]} 26. g3 {[%emt 0:05:00]} Qa5 {[%emt 0:03:22]} 27. a3 {[%emt 0:01:39]} Qb6 {[%emt 0:00:47]} 28. b3 {[%emt 0:02:55]} Qd6 {[%emt 0:00:26]} 29. b4 {[%emt 0:01:22]} a5 {[%emt 0:00:28]} 30. bxa5 {[%emt 0:01:37]} Bc6 {[%emt 0:00:23]} 31. a6 {[%emt 0:01:05]} Ra8 {[%emt 0:00:40]} 32. a7 {[%emt 0:03:15]} Rc7 {[%emt 0:00:32]} 33. Rb1 {[%emt 0:01:19]} Be8 {[%emt 0:00:33]} 34. Ne2 {[%emt 0:01:40]} Qa6 {[%emt 0:00:20]} 35. Rb6 {[%emt 0:02:04]} Qxa7 {[%emt 0:00:06]} 36. Rxe6 {[%emt 0:00:25]} Qxe3 {[%emt 0:00:22]} 37. Rxe3 {[%emt 0:00:02]} Rxc2 {[%emt 0:00:25]} 38. Nd4 {[%emt 0:00:38]} Ra2 {[%emt 0:00:51]} 39. Re7 {[%emt 0:00:35]} Rc8 {[%emt 0:00:43]} 40. Re2 {[%emt 0:00:02]} Rxe2 {[%emt 0:00:37]} 41. Nxe2 {[%emt 0:30:02]} Bb5 {[%emt 0:30:21]} 42. Nd4 {[%emt 0:00:00]} Rc1+ {[%emt 0:00:00]} 43. Kg2 {[%emt 0:00:00]} Bf1+ {[%emt 0:00:00]} 44. Kf3 {[%emt 0:00:00]} h5 {[%emt 0:00:00]} 45. Re8+ {[%emt 0:00:00]} Kg7 {[%emt 0:00:00]} 46. Re7+ {[%emt 0:00:00]} Kg8 {[%emt 0:00:00]} 47. Re8+ {[%emt 0:00:00]} Kg7 {[%emt 0:00:00]} 48. Re7+ {[%emt 0:00:00]} Kg8 {[%emt 0:00:00]} 49. Re8+ {[%emt 0:00:00]} 1/2-1/2

[Event "7th Francophone-ch 2019"]
[Site "Paris"]
[Date "2019.08.07"]
[Round "4.9"]
[White "Bouget, Alexandre"]
[Black "Mastrovasilis, Athanasios"]
[Result "0-1"]
[WhiteElo "2275"]
[BlackElo "2518"]
[Annotator "ChessBase"]
[PlyCount "80"]
[EventDate "2019.08.04"]
[EventType "swiss"]
[EventCountry "FRA"]
[SourceTitle "playchess.com"]
[Source "ChessBase"]
[SourceQuality "1"]
[TimeControl "40/5400+30:1800+30"]

1. d4 {[%emt 0:00:00]} Nf6 {[%emt 0:01:29]} 2. c4 {[%emt 0:00:10]} e6 {[%emt 0:00:09]} 3. Nc3 {[%emt 0:00:04]} Bb4 {[%emt 0:00:05]} 4. e3 {[%emt 0:00:07]} c5 {[%emt 0:00:20]} 5. Nf3 {[%emt 0:00:35]} Nc6 {[%emt 0:01:55]} 6. Bd3 {[%emt 0:04:19]} Bxc3+ {[%emt 0:02:31]} 7. bxc3 {[%emt 0:00:09]} d6 {[%emt 0:00:02]} 8. e4 {[%emt 0:11:15]} e5 {[%emt 0:00:32]} 9. d5 {[%emt 0:00:17]} Ne7 {[%emt 0:00:30]} 10. Nh4 {[%emt 0:02:56]} h6 {[%emt 0:05:12]} 11. O-O {[%emt 0:14:06]} g5 {[%emt 0:05:00]} 12. Nf5 {[%emt 0:00:04]} Bxf5 {[%emt 0:13:29]} 13. exf5 {[%emt 0:00:05]} Qd7 {[%emt 0:00:46]} 14. Bc2 {[%emt 0:13:41]} O-O-O {[%emt 0:02:07]} 15. a4 {[%emt 0:07:22]} Nxf5 {[%emt 0:13:02]} 16. Qf3 {[%emt 0:01:22]} e4 {[%emt 0:00:40]} 17. Bxe4 {[%emt 0:00:20]} Nxe4 {[%emt 0:00:21]} 18. Qxe4 {[%emt 0:00:07]} Rde8 {[%emt 0:00:24]} 19. Qd3 {[%emt 0:00:16]} Re7 {[%emt 0:13:43]} 20. a5 {[%emt 0:03:08]} Rhe8 {[%emt 0:04:27]} 21. a6 {[%emt 0:00:49]} b6 {[%emt 0:00:17]} 22. Bd2 {[%emt 0:04:33]} Nh4 {[%emt 0:01:36]} 23. h3 {[%emt 0:17:25]} Re2 {[%emt 0:10:37]} 24. Rad1 {[%emt 0:04:39]} f5 {[%emt 0:10:00]} 25. g3 {[%emt 0:03:47]} Ng6 {[%emt 0:01:00]} 26. Be3 {[%emt 0:06:27]} Rb2 {[%emt 0:00:52]} 27. f4 {[%emt 0:01:02]} Re4 {[%emt 0:02:21]} 28. Rd2 {[%emt 0:00:39]} Rxd2 {[%emt 0:03:33]} 29. Bxd2 {[%emt 0:00:01]} Kc7 {[%emt 0:03:32]} 30. g4 {[%emt 0:02:24]} gxf4 {[%emt 0:00:45]} 31. gxf5 {[%emt 0:01:25]} Qxf5 {[%emt 0:00:05]} 32. Qb1 {[%emt 0:01:15]} Nh4 {[%emt 0:01:02]} 33. Rf2 {[%emt 0:00:32]} Qg6+ {[%emt 0:02:36]} 34. Kh1 {[%emt 0:00:40]} Qf5 {[%emt 0:00:28]} 35. Kg1 {[%emt 0:00:07]} Qg6+ {[%emt 0:00:05]} 36. Kh1 {[%emt 0:00:01]} Rxc4 {[%emt 0:01:17]} 37. Qb5 {[%emt 0:00:29]} Qe4+ {[%emt 0:00:15]} 38. Kg1 {[%emt 0:00:21]} Qxd5 {[%emt 0:00:11]} 39. Bxf4 {[%emt 0:00:58]} Rxf4 {[%emt 0:00:25]} 40. Rxf4 {[%emt 0:00:11]} Qg2# {[%emt 0:02:19]} 0-1

[Event "7th Francophone-ch 2019"]
[Site "Paris"]
[Date "2019.08.07"]
[Round "4.10"]
[White "Dudognon, Thibault"]
[Black "Vedmediuc, Serghei"]
[Result "1-0"]
[WhiteElo "2247"]
[BlackElo "2450"]
[Annotator "ChessBase"]
[PlyCount "125"]
[EventDate "2019.08.04"]
[EventType "swiss"]
[EventCountry "FRA"]
[SourceTitle "playchess.com"]
[Source "ChessBase"]
[SourceQuality "1"]
[TimeControl "40/5400+30:1800+30"]

1. d4 {[%emt 0:00:00]} Nf6 {[%emt 0:05:54]} 2. c4 {[%emt 0:00:00]} e6 {[%emt 0:00:04]} 3. g3 {[%emt 0:00:00]} d5 {[%emt 0:00:46]} 4. Nf3 {[%emt 0:00:00]} dxc4 {[%emt 0:00:20]} 5. Bg2 {[%emt 0:00:00]} Bd7 {[%emt 0:01:51]} 6. Ne5 {[%emt 0:00:58]} Bc6 {[%emt 0:01:55]} 7. Nxc6 {[%emt 0:00:08]} Nxc6 {[%emt 0:00:03]} 8. O-O {[%emt 0:00:07]} Qd7 {[%emt 0:02:48]} 9. e3 {[%emt 0:02:22]} h5 {[%emt 0:01:26]} 10. Nd2 {[%emt 0:00:04]} h4 {[%emt 0:00:16]} 11. Nxc4 {[%emt 0:00:10]} hxg3 {[%emt 0:01:13]} 12. hxg3 {[%emt 0:00:15]} Nd5 {[%emt 0:01:39]} 13. a3 {[%emt 0:00:04]} f5 {[%emt 0:25:45]} 14. Re1 {[%emt 0:01:40]} O-O-O {[%emt 0:12:36]} 15. b4 {[%emt 0:00:06]} g5 {[%emt 0:00:04]} 16. b5 {[%emt 0:03:06]} Nce7 {[%emt 0:00:01]} 17. a4 {[%emt 0:00:27]} Bg7 {[%emt 0:00:13]} 18. Qb3 {[%emt 0:17:36]} f4 {[%emt 0:12:39]} 19. gxf4 {[%emt 0:22:54]} gxf4 {[%emt 0:00:19]} 20. e4 {[%emt 0:00:02]} f3 {[%emt 0:07:44]} 21. Qxf3 {[%emt 0:04:54]} Rdf8 {[%emt 0:04:37]} 22. Qd1 {[%emt 0:11:10]} Nf4 {[%emt 0:02:12]} 23. Bxf4 {[%emt 0:10:05]} Rxf4 {[%emt 0:00:02]} 24. e5 {[%emt 0:00:15]} Rhh4 {[%emt 0:08:30]} 25. Qc2 {[%emt 0:03:52]} Nf5 {[%emt 0:00:52]} 26. b6 {[%emt 0:01:35]} Kb8 {[%emt 0:02:30]} 27. bxa7+ {[%emt 0:00:33]} Kxa7 {[%emt 0:00:01]} 28. Reb1 {[%emt 0:02:06]} Rhg4 {[%emt 0:02:23]} 29. Rxb7+ {[%emt 0:04:41]} Ka6 {[%emt 0:00:00]} 30. Ne3 {[%emt 0:10:01]} Rxg2+ {[%emt 0:02:38]} 31. Nxg2 {[%emt 0:00:11]} Kxb7 {[%emt 0:00:59]} 32. Nxf4 {[%emt 0:00:39]} Nxd4 {[%emt 0:00:50]} 33. Rb1+ {[%emt 0:00:30]} Kc8 {[%emt 0:00:45]} 34. Qe4 {[%emt 0:01:03]} c6 {[%emt 0:00:28]} 35. Kg2 {[%emt 0:01:49]} Bf8 {[%emt 0:02:02]} 36. Rd1 {[%emt 0:01:30]} Bc5 {[%emt 0:00:05]} 37. Qg6 {[%emt 0:01:07]} Kb8 {[%emt 0:01:14]} 38. Qg8+ {[%emt 0:00:45]} Ka7 {[%emt 0:00:01]} 39. Rb1 {[%emt 0:00:45]} Bb6 {[%emt 0:00:21]} 40. a5 {[%emt 0:01:09]} Bd8 {[%emt 0:00:03]} 41. Qf8 {[%emt 0:30:58]} Ka6 {[%emt 0:01:30]} 42. Qc5 {[%emt 0:00:00]} Bxa5 {[%emt 0:00:35]} 43. Ra1 {[%emt 0:00:00]} Nb5 {[%emt 0:00:51]} 44. Nd3 {[%emt 0:00:00]} Qd5+ {[%emt 0:01:28]} 45. Qxd5 {[%emt 0:00:00]} cxd5 {[%emt 0:00:02]} 46. Nc5+ {[%emt 0:00:00]} Kb6 {[%emt 0:00:00]} 47. Nd7+ {[%emt 0:00:00]} Ka6 {[%emt 0:00:01]} 48. f4 {[%emt 0:00:00]} Nd4 {[%emt 0:00:04]} 49. Ra4 {[%emt 0:00:00]} Nf5 {[%emt 0:00:20]} 50. Nf8 {[%emt 0:00:00]} Kb5 {[%emt 0:00:22]} 51. Ra1 {[%emt 0:00:00]} Ng7 {[%emt 0:01:00]} 52. Rh1 {[%emt 0:00:00]} Bb4 {[%emt 0:00:29]} 53. Rh8 {[%emt 0:00:00]} d4 {[%emt 0:01:20]} 54. Rg8 {[%emt 0:00:00]} Bxf8 {[%emt 0:01:07]} 55. Rxf8 {[%emt 0:00:00]} Kc5 {[%emt 0:01:17]} 56. Kf3 {[%emt 0:00:22]} Nf5 {[%emt 0:00:06]} 57. Ke4 {[%emt 0:01:00]} Ng3+ {[%emt 0:00:26]} 58. Kd3 {[%emt 0:00:10]} Nf5 {[%emt 0:00:25]} 59. Rd8 {[%emt 0:00:12]} Kc6 {[%emt 0:00:44]} 60. Kc4 {[%emt 0:00:50]} Kc7 {[%emt 0:00:41]} 61. Rf8 {[%emt 0:00:25]} Kd7 {[%emt 0:00:22]} 62. Rf6 {[%emt 0:01:19]} Ke7 {[%emt 0:00:13]} 63. Rxf5 {[%emt 0:00:38]} 1-0

[Event "7th Francophone-ch 2019"]
[Site "Paris"]
[Date "2019.08.08"]
[Round "5.1"]
[White "Philippe, Guillaume"]
[Black "Okhotnik, Vladimir"]
[Result "1/2-1/2"]
[WhiteElo "2344"]
[BlackElo "2381"]
[Annotator "NA"]
[PlyCount "89"]
[EventDate "2019.08.04"]
[EventType "swiss"]
[EventCountry "FRA"]
[SourceTitle "playchess.com"]
[Source "ChessBase"]
[SourceQuality "1"]
[TimeControl "40/5400+30:1800+30"]

1. Nf3 {[%emt 0:00:00]} Nf6 {[%emt 0:00:00]} 2. e3 {[%emt 0:00:00]} g6 {[%emt 0:00:00]} 3. b4 {[%emt 0:00:08]} c6 {[%emt 0:00:00]} 4. Bb2 {[%emt 0:04:07]} Bg7 {[%emt 0:00:11]} 5. c4 {[%emt 0:01:16]} a5 {[%emt 0:00:38]} 6. b5 {[%emt 0:00:11]} O-O {[%emt 0:00:17]} 7. Be2 {[%emt 0:00:18]} d5 {[%emt 0:00:43]} 8. O-O {[%emt 0:03:41]} cxb5 {[%emt 0:01:19]} 9. cxb5 {[%emt 0:01:30]} a4 {[%emt 0:00:06]} 10. Na3 {[%emt 0:05:57]} Nbd7 {[%emt 0:00:16]} 11. Rc1 {[%emt 0:01:14]} Ne4 {[%emt 0:00:56]} 12. Qc2 {[%emt 0:02:53]} Qb6 {[%emt 0:06:17]} 13. Bxg7 {[%emt 0:06:08]} Kxg7 {[%emt 0:00:05]} 14. Qb2+ {[%emt 0:00:12]} Qf6 {[%emt 0:01:14]} 15. Qxf6+ {[%emt 0:01:15]} Kxf6 {[%emt 0:01:19]} 16. d4 {[%emt 0:01:13]} Nb6 {[%emt 0:04:34]} 17. Ne5 {[%emt 0:01:09]} Be6 {[%emt 0:02:04]} 18. f3 {[%emt 0:21:14]} Nd6 {[%emt 0:00:11]} 19. Nd3 {[%emt 0:00:16]} Kg7 {[%emt 0:19:23]} 20. Nc5 {[%emt 0:00:26]} Rfc8 {[%emt 0:03:10]} 21. Rc3 {[%emt 0:02:04]} h5 {[%emt 0:04:22]} 22. Rfc1 {[%emt 0:00:16]} Bf5 {[%emt 0:00:22]} 23. g3 {[%emt 0:07:31]} g5 {[%emt 0:02:12]} 24. Rf1 {[%emt 0:08:46]} f6 {[%emt 0:04:39]} 25. h4 {[%emt 0:01:54]} gxh4 {[%emt 0:01:15]} 26. gxh4 {[%emt 0:00:04]} Kf7 {[%emt 0:02:06]} 27. Kf2 {[%emt 0:00:51]} Rc7 {[%emt 0:00:59]} 28. Rcc1 {[%emt 0:03:15]} e6 {[%emt 0:08:18]} 29. Rg1 {[%emt 0:01:32]} Rcc8 {[%emt 0:06:23]} 30. Rg2 {[%emt 0:02:55]} Rab8 {[%emt 0:03:22]} 31. Rcg1 {[%emt 0:01:16]} Rg8 {[%emt 0:00:13]} 32. Rxg8 {[%emt 0:01:31]} Rxg8 {[%emt 0:00:05]} 33. Rxg8 {[%emt 0:00:03]} Kxg8 {[%emt 0:00:03]} 34. Bd1 {[%emt 0:00:24]} e5 {[%emt 0:00:40]} 35. Bxa4 {[%emt 0:03:49]} Nxa4 {[%emt 0:01:41]} 36. Nxa4 {[%emt 0:00:09]} Kf7 {[%emt 0:02:34]} 37. b6 {[%emt 0:05:45]} exd4 {[%emt 0:00:44]} 38. exd4 {[%emt 0:00:04]} Ke7 {[%emt 0:03:46]} 39. Nc3 {[%emt 0:05:32]} Be6 {[%emt 0:00:37]} 40. Nab5 {[%emt 0:00:55]} Nf5 {[%emt 0:05:38]} 41. Nc7 {[%emt 0:30:38]} Kd6 {[%emt 0:32:01]} 42. Ne8+ {[%emt 0:02:09]} Ke7 {[%emt 0:00:24]} 43. Nc7 {[%emt 0:00:07]} Kd6 {[%emt 0:00:05]} 44. Ne8+ {[%emt 0:00:29]} Ke7 {[%emt 0:00:10]} 45. Nc7 {[%emt 0:07:23]} 1/2-1/2